LEADER 01193nam0-2200409-i-450 001 990003589410203316 005 20191122101644.0 010 $a88-06-16738-3 020 $aIT$b2004-5623 035 $a000358941 035 $aUSA01000358941 035 $a(ALEPH)000358941USA01 035 $a000358941 100 $a20111114d2003----|0itac50 ba 101 $aita 102 $aIT 105 $a||||||||001yy 200 1 $a<> angeli del cortile$fAdriano Sofri, Isabella e Sergio Staino 210 $aTorino$cEinaudi$d2003 215 $a49 P$cill.$d21 cm 300 $aIndicazione di A. sul dorso: Sofri e Staino. 410 0$1001IT$12001$aEinaudi tascabili 454 1$12001 461 1$1001-------$12001 606 0 $aFumetti$xStoria$2BNCF 676 $a741.5$cVIGNETTE, DISEGNI UMORISTICI, FUMETTI$v18 700 1$aSOFRI,$bAdriano$0267699 701 1$aSTAINO,$bSergio$0610892 701 1$aSTAINO,$bIsabella$0610893 801 3$aIT$bICCU$gISBD$c20110907 912 $a990003589410203316 951 $a741.5 SOF$b16741 DSSP 959 $aBK 969 $aDSSP 979 $aDSSP2$b10$c20111114$lUSA01$h1136 996 $aAngeli del cortile$91136107 997 $aUNISA LEADER 01012nam 2200337 450 001 9910158949903321 005 20170925224302.0 010 $a1-78625-214-7 035 $a(CKB)3710000001011503 035 $a(MiAaPQ)EBC4808400 035 $a(EXLCZ)993710000001011503 100 $a20200106h20151963 uy 0 101 0 $aeng 135 $aurcnu|||||||| 181 $ctxt$2rdacontent 182 $cc$2rdamedia 183 $acr$2rdacarrier 200 10$aBob Hope's own story-Have Tux, will travel /$fas told to Pete Martin ; drawings by Ted Sally 210 1$a[Place of publication not identified] :$cPickle Partners Publishing,$d2015. 210 4$dİ1963 215 $a1 online resource (286 pages) 676 $a792.7028092 700 $aMartin$b Pete$f1901-1980,$01272627 702 $aSally$b Ted 801 0$bMiAaPQ 801 1$bMiAaPQ 801 2$bMiAaPQ 906 $aBOOK 912 $a9910158949903321 996 $aBob Hope's own story-Have Tux, will travel$92997564 997 $aUNINA